000 00774nam a2200241Ia 4500
003 OSt
005 20220923213145.0
006 a|||||r|||| 00| 0
007 ta
008 220922b |||||||| |||| 00| 0 hin d
024 _a159,354
037 _cTextual
040 _aARTS
_cARTS
_bhin
041 _2hin
_ahin
082 _aO152,1:gN, J1
100 _aनगेन्द्र
_9156277
245 0 _aआधुनिक हिन्दी कविता की मुख्य प्रवृतियां
246 _aĀdhunik hindī kavitā kī mukhya pravṛutiyāan
260 _c1951
650 _aहिन्दी साहित्य
_9156264
942 _hO152,1:gN, J1
_cTEXL
_2CC
999 _c314101
_d314101